000 00992nam a22002537a 4500
003 BD-DhSAU
005 20211002141442.0
008 210929b |||||||| |||| 00| 0 eng d
040 _aBD-DhSAU
082 _222
_a581.35
_bJ19
100 _a JAHAN, LABIBA
_eRegistration No.:# 17-08276
245 _aGenetic variability and character association of yield and yield contributing characters in maize /
_bMs Thesis
260 _aSher-e-bangla Agricultural University Dhaka 1207;
_bDepartment of Genetics And Plant Breeding;
_c2018;
300 _aViii;
_b118p.;
_c30cm.;
500 _aIncluding Index.;
590 _anazmul
600 _qgenetic variability
610 _acharacter association
650 _acontributing characters in maize
700 _aProf. Dr. Mohammad Saiful Islam
_eSupervisor
710 _aProf. Dr. Md. Ashaduzzaman Siddikee
_eCo-Supervisor
856 _yOnline Access
_uhttp://archive.saulibrary.edu.bd:8080/xmlui/handle/123456789/3234
942 _2ddc
_cTHESIS
999 _c15446
_d15445